[Event "IX Floripa Chess Open Fort Atacadista"]
[Site "Florianópolis - Santa Catari"]
[Date "2023.01.23"]
[Round "1.1"]
[White "Pichot, Alan"]
[Black "Dias, Matheus Nunes"]
[Result "1-0"]
[WhiteElo "2634"]
[BlackElo "1680"]
[PlyCount "51"]
[EventDate "2023.01.23"]
[EventRounds "10"]
[EventCountry "BRA"]

1. d4 Nf6 2. c4 g6 3. Nc3 Bg7 4. e4 d6 5. h3 a5 6. Be3 Na6 7. Nf3 O-O 8. Be2
Bd7 9. O-O c5 10. d5 Rb8 11. Qd2 Nc7 12. e5 dxe5 13. Nxe5 Na6 14. Bf4 Qb6 15.
Nxd7 Nxd7 16. Bxb8 Rxb8 17. Rfe1 Bd4 18. Nb5 Bf6 19. Bf1 Nc7 20. Nxc7 Qxc7 21.
Re4 Qb6 22. Rae1 a4 23. g3 Rd8 24. h4 Nf8 25. Qf4 Qxb2 26. Rxe7 1-0

[Event "IX Floripa Chess Open Fort Atacadista"]
[Site "Florianópolis - Santa Catari"]
[Date "2023.01.23"]
[Round "1.2"]
[White "Campora, Edgardo"]
[Black "Mareco, Sandro"]
[Result "0-1"]
[WhiteElo "1676"]
[BlackElo "2625"]
[PlyCount "70"]
[EventDate "2023.01.23"]
[EventRounds "10"]
[EventCountry "BRA"]

1. e4 c5 2. Nf3 e6 3. c3 Nf6 4. e5 Nd5 5. d4 cxd4 6. cxd4 d6 7. Bc4 Be7 8. O-O
O-O 9. Bd2 Nb6 10. Bb3 Nc6 11. a4 dxe5 12. dxe5 Nd7 13. Bc3 b6 14. Qe2 Nc5 15.
Bc4 Na5 16. b4 Nxc4 17. bxc5 Ba6 18. cxb6 axb6 19. Rd1 Qc7 20. Qe1 Bb7 21. Nbd2
Na3 22. Bb2 Rxa4 23. Rdc1 Qd7 24. Rc3 Nb5 25. Rxa4 Nxc3 26. Rd4 Nd5 27. Nc4 b5
28. Na5 Ba8 29. Qe2 Rc8 30. h3 h6 31. Ne1 Qa7 32. Nb3 Qa2 33. Na1 Ba3 34. Nd3
Nc3 35. Qd2 Bxb2 0-1

[Event "IX Floripa Chess Open Fort Atacadista"]
[Site "Florianópolis - Santa Catari"]
[Date "2023.01.23"]
[Round "1.3"]
[White "Fier, Alexandr"]
[Black "Pavoni, Felipe Stevanin"]
[Result "1-0"]
[WhiteElo "2602"]
[BlackElo "1674"]
[PlyCount "43"]
[EventDate "2023.01.23"]
[EventRounds "10"]
[EventCountry "BRA"]

1. e4 c5 2. c3 Nf6 3. e5 Nd5 4. Nf3 Nc6 5. Bc4 e6 6. O-O Nb6 7. Bb3 d5 8. d4
Bd7 9. Be3 cxd4 10. cxd4 Nc4 11. Bxc4 dxc4 12. Nc3 Nb4 13. Nd2 Rc8 14. f4 Nd5
15. Nxd5 exd5 16. f5 g6 17. e6 fxe6 18. fxg6 hxg6 19. Qg4 g5 20. Bxg5 e5 21.
Qg3 Qb6 22. Qxe5+ 1-0

[Event "IX Floripa Chess Open Fort Atacadista"]
[Site "Florianópolis - Santa Catari"]
[Date "2023.01.23"]
[Round "1.4"]
[White "Miranda, Marina Lima"]
[Black "Delgado Ramirez, Neuris"]
[Result "0-1"]
[WhiteElo "1672"]
[BlackElo "2562"]
[PlyCount "100"]
[EventDate "2023.01.23"]
[EventRounds "10"]
[EventCountry "BRA"]

1. e4 c5 2. Nf3 Nc6 3. d4 cxd4 4. Nxd4 Nf6 5. Nc3 d6 6. Be2 e5 7. Nb3 Be7 8.
Be3 Be6 9. Qd3 O-O 10. Bf3 Rc8 11. O-O a6 12. a4 h6 13. Rfd1 Re8 14. Qd2 Bf8
15. Nd5 Bxd5 16. exd5 Ne7 17. Qd3 Ng6 18. Be2 Nh4 19. a5 Qd7 20. h3 e4 21. Qd2
Qf5 (21... Qe6) 22. Bf1 Re5 23. Qe2 Nxd5 24. Nd4 Qg6 25. Qg4 Nxe3 26. Qxg6 Nxg6
27. fxe3 d5 28. c3 Rg5 29. Be2 Bc5 30. Rac1 h5 31. b4 Bd6 32. Rf1 Nh4 33. g4 g6
34. Kh1 hxg4 35. Bxg4 Re8 36. Rg1 Kg7 37. b5 axb5 38. Nxb5 Be5 39. Nd4 Rh8 40.
Rb1 Nf3 41. Nxf3 exf3 42. Rbf1 f5 43. Rb1 Rxg4 44. Rxb7+ Kf6 45. Rxg4 fxg4 46.
a6 Rxh3+ 47. Kg1 Bh2+ 48. Kf1 Bg3 49. Kg1 f2+ 50. Kg2 Rh1 0-1

[Event "IX Floripa Chess Open Fort Atacadista"]
[Site "Florianópolis - Santa Catari"]
[Date "2023.01.23"]
[Round "1.5"]
[White "Mekhitarian, Krikor Sevag"]
[Black "Dias, Juliane De Oliveira"]
[Result "1-0"]
[WhiteElo "2551"]
[BlackElo "1672"]
[PlyCount "68"]
[EventDate "2023.01.23"]
[EventRounds "10"]
[EventCountry "BRA"]

1. e4 c5 2. Nf3 Nc6 3. Bb5 g6 4. O-O Bg7 5. Re1 Qc7 6. c3 Nf6 7. d4 cxd4 8.
cxd4 O-O 9. Nc3 d6 10. h3 a6 11. Bf1 Bd7 12. Bg5 Rfe8 13. Rc1 Qa5 14. e5 Nd5
15. Nxd5 Qxd5 16. Bc4 Qa5 17. Qb3 d5 18. Bxd5 e6 19. Be4 Rab8 20. a3 Rec8 21.
Qe3 Qb6 22. b4 a5 23. bxa5 Qxa5 24. Bh6 Bh8 25. Ng5 Be8 26. Bxc6 Bxc6 27. Qf4
Rc7 28. Re3 Rbc8 29. Rf3 Bg7 30. Bxg7 Kxg7 31. Qf6+ Kg8 32. Nxf7 Rxf7 33. Qxf7+
Kh8 34. Qf6+ Kg8 1-0

[Event "IX Floripa Chess Open Fort Atacadista"]
[Site "Florianópolis - Santa Catari"]
[Date "2023.01.23"]
[Round "1.6"]
[White "Arruda Filho, Ivo Pereira De"]
[Black "Cuenca Jimenez, Jose Fernando"]
[Result "0-1"]
[WhiteElo "1669"]
[BlackElo "2545"]
[PlyCount "74"]
[EventDate "2023.01.23"]
[EventRounds "10"]
[EventCountry "BRA"]

1. Nf3 Nf6 2. d4 g6 3. g3 Bg7 4. Bg2 O-O 5. O-O d6 6. Nbd2 c5 7. c3 Nc6 8. dxc5
dxc5 9. Qc2 Qc7 10. e4 b6 11. Re1 e6 12. Nc4 Nd7 13. Bf4 e5 14. Bg5 h6 15. Bc1
Nf6 16. Nfd2 Be6 17. Ne3 Rfd8 18. b3 b5 19. Bb2 b4 20. c4 Nd4 21. Qc1 Nd7 22.
Bxd4 cxd4 23. Nd5 Qd6 24. Qb1 a5 25. Bf1 Nc5 26. Qc2 Rdb8 27. Qd1 a4 28. Qe2 h5
29. f3 Bh6 30. Kg2 Bxd5 31. exd5 Bxd2 32. Qxd2 axb3 33. Qg5 bxa2 34. Rxe5 b3
35. Qf4 b2 36. Re8+ Rxe8 37. Qxd6 bxa1=Q 0-1

[Event "IX Floripa Chess Open Fort Atacadista"]
[Site "Florianópolis - Santa Catari"]
[Date "2023.01.23"]
[Round "1.7"]
[White "Barbosa, Evandro Amorim"]
[Black "Nobre, Jailson Altair Barb"]
[Result "1-0"]
[WhiteElo "2482"]
[BlackElo "1669"]
[PlyCount "51"]
[EventDate "2023.01.23"]
[EventRounds "10"]
[EventCountry "BRA"]

1. e4 c5 2. Nf3 e6 3. d3 d5 4. Qe2 dxe4 5. dxe4 Nc6 6. c3 Nf6 7. e5 Nd7 8. g3
b6 9. Bg2 Bb7 10. O-O Qc7 11. Re1 h6 12. h4 O-O-O 13. Bf4 Be7 14. Na3 a6 15.
Nc4 Nf8 16. Nd6+ Bxd6 17. exd6 Qd7 18. b4 cxb4 19. cxb4 Kb8 20. b5 axb5 21.
Qxb5 Ng6 22. Be3 Qxd6 23. h5 Nge5 24. Nxe5 Nxe5 25. Bf4 f6 26. Rxe5 1-0

[Event "IX Floripa Chess Open Fort Atacadista"]
[Site "Florianópolis - Santa Catari"]
[Date "2023.01.23"]
[Round "1.8"]
[White "Goncalves, Davi Augusto"]
[Black "Di Berardino, Diego Rafael"]
[Result "0-1"]
[WhiteElo "1667"]
[BlackElo "2458"]
[PlyCount "52"]
[EventDate "2023.01.23"]
[EventRounds "10"]
[EventCountry "BRA"]

1. Nf3 c5 2. c4 Nc6 3. Nc3 g6 4. g3 Bg7 5. Bg2 e6 6. e3 Nge7 7. O-O d5 8. cxd5
exd5 9. d4 cxd4 10. Nxd4 O-O 11. Nxc6 bxc6 12. Qe2 Rb8 13. Rd1 Qa5 14. Qd2 Rd8
15. Ne2 Qa6 16. a4 h5 17. Ra3 Nf5 18. Nf4 Nd6 19. b3 Bf5 20. Bf1 Qb7 21. Bb2
Bxb2 22. Qxb2 Nc4 23. Bxc4 dxc4 24. Rxd8+ Rxd8 25. f3 Rd1+ 26. Kf2 Qb4 0-1

[Event "IX Floripa Chess Open Fort Atacadista"]
[Site "Florianópolis - Santa Catari"]
[Date "2023.01.23"]
[Round "1.9"]
[White "Lima, Darcy"]
[Black "Pereira Junior, Ignacio Marrero"]
[Result "1-0"]
[WhiteElo "2439"]
[BlackElo "1665"]
[PlyCount "61"]
[EventDate "2023.01.23"]
[EventRounds "10"]
[EventCountry "BRA"]

1. e4 c5 2. Nf3 e6 3. c4 Nc6 4. Nc3 a6 5. Be2 Qc7 6. O-O Nf6 7. d4 cxd4 8. Nxd4
Be7 9. Be3 O-O 10. Rc1 Qd8 11. c5 d6 12. Nxc6 bxc6 13. cxd6 Bxd6 14. Qc2 Qc7
15. g3 Bb7 16. Na4 c5 17. Bf3 Rfc8 18. Rfd1 Bf8 19. b4 Qc6 20. bxc5 Nd7 21.
Rxd7 Qxd7 22. Nb6 Qc6 23. Be2 f5 24. Nxa8 Rxa8 25. Bc4 Kh8 26. Bb3 Rd8 27. Qc4
Qxe4 28. Qxe4 Bxe4 29. Bxe6 Re8 30. Bd7 Rd8 31. c6 1-0

[Event "IX Floripa Chess Open Fort Atacadista"]
[Site "Florianópolis - Santa Catari"]
[Date "2023.01.23"]
[Round "1.10"]
[White "Gomes, Maria Eduarda Papin"]
[Black "Rodriguez Vila, Andres"]
[Result "0-1"]
[WhiteElo "1664"]
[BlackElo "2435"]
[PlyCount "72"]
[EventDate "2023.01.23"]
[EventRounds "10"]
[EventCountry "BRA"]

1. d4 c5 2. d5 e6 3. dxe6 fxe6 4. Nf3 Nf6 5. g3 Nc6 6. Bg2 d5 7. O-O Bd6 8. Bg5
O-O 9. Nbd2 h6 10. Bxf6 Qxf6 11. c3 e5 12. e4 d4 13. cxd4 cxd4 14. Rc1 Be6 15.
a3 a5 16. h3 Ra6 17. Nc4 Bb8 18. Kh2 g5 19. Qd3 Rf7 20. Ncd2 Rb6 21. Rc2 a4 22.
Nc4 Rb3 23. Qd1 Rxf3 24. Bxf3 Qxf3 25. Qxf3 Rxf3 26. Nd2 Rf8 27. Kg2 Ba7 28. f3
h5 29. g4 Bb6 30. Rd1 h4 31. Nc4 Bc7 32. Nd2 Ra8 33. Rdc1 Ra6 34. Rc5 Rb6 35.
R5c2 d3 36. Rc3 Rxb2 0-1

[Event "IX Floripa Chess Open Fort Atacadista"]
[Site "Florianópolis - Santa Catari"]
[Date "2023.01.23"]
[Round "1.11"]
[White "Matsuura, Everaldo"]
[Black "Messias, Jose Vitor Lamosa P"]
[Result "1-0"]
[WhiteElo "2426"]
[BlackElo "1661"]
[PlyCount "71"]
[EventDate "2023.01.23"]
[EventRounds "10"]
[EventCountry "BRA"]

1. e4 c5 2. Nf3 Nc6 3. c3 d5 4. exd5 Qxd5 5. d4 Nf6 6. Be2 e6 7. O-O Be7 8. Be3
b6 9. c4 Qd8 10. dxc5 bxc5 11. Qxd8+ Kxd8 12. Rd1+ Kc7 13. Nc3 Ba6 14. Nb5+
Bxb5 15. cxb5 Nb4 16. Bf4+ Kb6 17. Ne5 Nfd5 18. Bg3 Nc2 19. Rac1 Nd4 20. Bf1
Rac8 21. Nxf7 Rhf8 22. Ne5 Rfd8 23. Nc4+ Kb7 24. Be5 Nxb5 25. Bxg7 Bg5 26. Rb1
Nf6 27. Ne5 Rxd1 28. Rxd1 Nd4 29. b4 Nh5 30. Nf7 Nxg7 31. Nxg5 h5 32. Ne4 Ngf5
33. Nxc5+ Kc6 34. Rc1 Rg8 35. Nxe6+ Kd6 36. Nxd4 1-0

[Event "IX Floripa Chess Open Fort Atacadista"]
[Site "Florianópolis - Santa Catari"]
[Date "2023.01.23"]
[Round "1.12"]
[White "Vaz, Osvaldo Jose"]
[Black "Languidey, Simon Alejandro"]
[Result "0-1"]
[WhiteElo "1660"]
[BlackElo "2403"]
[PlyCount "122"]
[EventDate "2023.01.23"]
[EventRounds "10"]
[EventCountry "BRA"]

1. e4 c5 2. Nf3 d6 3. c3 Nf6 4. Be2 Nc6 5. d3 g6 6. h3 Bg7 7. Be3 O-O 8. O-O e5
9. Nbd2 Re8 10. Re1 Bd7 11. Nf1 b6 12. Bg5 h6 13. Bh4 g5 14. Bg3 d5 15. Qc2 d4
16. Rac1 Rc8 17. Qd1 Nh7 18. N1d2 Nf8 19. Nh2 dxc3 20. bxc3 Ng6 21. Nc4 Be6 22.
Ne3 Nf4 23. c4 Nd4 24. Bxf4 exf4 25. Nd5 Qd7 26. Ng4 Bxd5 27. cxd5 Rcd8 28. Bf3
Qd6 29. Nh2 b5 30. Nf1 a5 31. Nd2 a4 32. Nb1 Qb6 33. Nd2 Qa7 34. Bg4 b4 35. Nc4
Nb5 36. Qf3 Nc3 37. a3 b3 38. e5 Nxd5 39. e6 Nf6 40. Ne5 fxe6 41. Nc6 Qd7 42.
Nxd8 Nxg4 43. Qxg4 Rxd8 44. Rxc5 b2 45. Rc4 Rb8 46. Rb1 Rb3 47. Qf3 Rxa3 48.
Qe4 Ra1 49. d4 a3 50. Kh2 Rxb1 51. Qxb1 Qb7 52. Ra4 Bf8 53. Qg6+ Kh8 54. Qb1
Kg7 55. d5 exd5 56. Ra5 Be7 57. h4 f3 58. h5 Qc7+ 59. g3 Qxa5 60. Qg6+ Kf8 61.
Qxh6+ Ke8 0-1

[Event "IX Floripa Chess Open Fort Atacadista"]
[Site "Florianópolis - Santa Catari"]
[Date "2023.01.23"]
[Round "1.13"]
[White "Umetsubo, Cesar Hidemitsu"]
[Black "Martins, Giovanni Custodio"]
[Result "1-0"]
[WhiteElo "2365"]
[BlackElo "1658"]
[PlyCount "55"]
[EventDate "2023.01.23"]
[EventRounds "10"]
[EventCountry "BRA"]

1. d4 Nf6 2. c4 c5 3. d5 b5 4. cxb5 a6 5. bxa6 d6 6. e4 Bxa6 7. Bxa6 Nxa6 8.
Nc3 g6 9. Nge2 Bg7 10. O-O O-O 11. Rb1 Qa5 12. b3 Rfb8 13. Bd2 Nb4 14. a4 Nd7
15. Na2 Ne5 16. Nxb4 cxb4 17. Be3 Rc8 18. Nd4 Rc3 19. Nb5 Rd3 20. Qe2 Rc8 21.
Bf4 Rdc3 22. Nxc3 bxc3 23. Bxe5 Bxe5 24. Qc2 Qa7 25. b4 Rc4 26. a5 Qb8 27. b5
Qa7 28. b6 1-0

[Event "IX Floripa Chess Open Fort Atacadista"]
[Site "Florianópolis - Santa Catari"]
[Date "2023.01.23"]
[Round "1.14"]
[White "Brand, Leticia Soethe"]
[Black "Cori T., Deysi"]
[Result "0-1"]
[WhiteElo "1657"]
[BlackElo "2356"]
[PlyCount "110"]
[EventDate "2023.01.23"]
[EventRounds "10"]
[EventCountry "BRA"]

1. e4 g6 2. d4 c6 3. Nf3 d5 4. Nbd2 Bg7 5. c3 Nh6 6. Bd3 O-O 7. h3 f6 8. Nf1
Nf7 9. Ng3 e5 10. exd5 cxd5 11. dxe5 fxe5 12. Bc2 e4 13. Nd4 Nc6 14. Nge2 Nce5
15. O-O Kh8 16. Be3 Nc4 17. Qc1 Nxe3 18. Qxe3 Ne5 19. b3 Qh4 20. Qg3 Qf6 21.
Rad1 Bd7 22. f3 exf3 23. Nxf3 Qb6+ 24. Kh1 Qe3 25. Nfd4 Bh6 26. Qxe3 Bxe3 27.
Ng1 Rxf1 28. Rxf1 Rc8 29. Nde2 a6 30. Rd1 Be6 31. Bb1 Bf7 32. Rf1 Kg7 33. Nf3
Re8 34. Ned4 Nxf3 35. Nxf3 Rc8 36. Ne5 Bg8 37. Ng4 Bd2 38. Nf6 Rf8 39. Rf2 Rxf6
40. Rxd2 Rf1+ 41. Kh2 Rxb1 42. Kg3 Rc1 43. Kf4 Rxc3 44. Ke5 Rc6 45. Rf2 b6 46.
g4 Re6+ 47. Kd4 Re4+ 48. Kd3 a5 49. g5 Be6 50. Rf6 Bf5 51. Kc3 Re6 52. Kd4 Rxf6
53. gxf6+ Kxf6 54. Kxd5 Bb1 55. a3 Ba2 0-1

[Event "IX Floripa Chess Open Fort Atacadista"]
[Site "Florianópolis - Santa Catari"]
[Date "2023.01.23"]
[Round "1.15"]
[White "Filgueiras, Nathan Felipe"]
[Black "Muniz, Henrique Rocha"]
[Result "1-0"]
[WhiteElo "2356"]
[BlackElo "1657"]
[PlyCount "47"]
[EventDate "2023.01.23"]
[EventRounds "10"]
[EventCountry "BRA"]

1. e4 e5 2. Nf3 Nc6 3. Bc4 Bc5 4. O-O Nf6 5. d3 d6 6. c3 O-O 7. Nbd2 a6 8. Bb3
Be6 9. Bc2 d5 10. exd5 Nxd5 11. Ne4 Ba7 12. Re1 f6 13. d4 exd4 14. Neg5 fxg5
15. Rxe6 dxc3 16. Bb3 Rf5 17. g4 c2 18. Qd3 Ne5 19. Qxf5 Ne7 20. Rxe7+ Kh8 21.
Qxe5 Qd1+ 22. Kg2 Bd4 23. Re8+ Rxe8 24. Qxe8# 1-0

[Event "IX Floripa Chess Open Fort Atacadista"]
[Site "Florianópolis - Santa Catari"]
[Date "2023.01.23"]
[Round "1.16"]
[White "Do Carmo, Gabriel Carckeno"]
[Black "Gomes, Luiz Alexandre De S"]
[Result "0-1"]
[WhiteElo "1651"]
[BlackElo "2335"]
[PlyCount "80"]
[EventDate "2023.01.23"]
[EventRounds "10"]
[EventCountry "BRA"]

1. c4 e6 2. Nf3 Nf6 3. e3 d5 4. b3 Be7 5. Bb2 O-O 6. d4 b6 7. Bd3 Bb7 8. O-O
Nbd7 9. Qe2 Ne4 10. Ne5 f5 11. Nxd7 Qxd7 12. Nd2 Rf6 13. f3 Nxd2 14. Qxd2 Rh6
15. Rae1 (15. Rac1 Bd6 16. g3 Qf7 17. e4 Qh5 18. e5 Bb4 19. Qf2) 15... Bd6 16.
g3 Qf7 17. e4 Qh5 18. e5 Bb4 19. Qf2 Bxe1 20. Rxe1 dxc4 21. bxc4 Bxf3 22. Bc1
Rg6 23. Rf1 Bb7 24. d5 Rd8 25. Be4 Qg4 26. Bd3 b5 27. Bf4 bxc4 28. Be2 Qh3 29.
dxe6 Rxe6 30. Bxc4 Bd5 31. Rd1 c6 32. Bg5 Qg4 33. Qd2 Rd7 34. Bf1 Rxe5 35. Bf4
Re4 36. h3 Qh5 37. Rb1 h6 38. Bd3 Qxh3 39. Rb8+ Kh7 40. Rb2 Bc4 0-1

[Event "IX Floripa Chess Open Fort Atacadista"]
[Site "Florianópolis - Santa Catari"]
[Date "2023.01.23"]
[Round "1.17"]
[White "Almiron, Antonio"]
[Black "Ramazzotte, Alexandre Franco"]
[Result "1-0"]
[WhiteElo "2334"]
[BlackElo "1649"]
[PlyCount "73"]
[EventDate "2023.01.23"]
[EventRounds "10"]
[EventCountry "BRA"]

1. c4 e6 2. g3 d5 3. Bg2 Nf6 4. Nf3 Be7 5. O-O O-O 6. d4 c6 7. Qc2 Nbd7 8. Nbd2
b6 9. e4 dxe4 10. Nxe4 Bb7 11. Rd1 Nxe4 12. Qxe4 Nf6 13. Qc2 Rc8 14. Bf4 Qe8
15. c5 Nd5 16. Bg5 h6 17. Bxe7 Qxe7 18. Rac1 Ba8 19. Re1 Qc7 20. a3 a5 21. Nd2
b5 22. Ne4 b4 23. a4 Rb8 24. b3 Qe7 25. Bf1 Qc7 26. Bc4 Rbd8 27. f4 Kh8 28. Qf2
Qd7 29. Rcd1 Qc8 30. Rd3 Bb7 31. Nd6 Qa8 32. Bxd5 cxd5 33. f5 Bc8 34. f6 g6 35.
g4 Rd7 36. Rh3 Rg8 37. Rxh6# 1-0

[Event "IX Floripa Chess Open Fort Atacadista"]
[Site "Florianópolis - Santa Catari"]
[Date "2023.01.23"]
[Round "1.18"]
[White "Gomes, Marco Tulio Caldeir"]
[Black "Lujan, Carolina"]
[Result "0-1"]
[WhiteElo "1645"]
[BlackElo "2324"]
[PlyCount "80"]
[EventDate "2023.01.23"]
[EventRounds "10"]
[EventCountry "BRA"]

1. c4 Nf6 2. Nc3 d5 3. cxd5 Nxd5 4. g3 g6 5. Bg2 Nb6 6. Nf3 Bg7 7. O-O Nc6 8.
d3 O-O 9. Be3 h6 10. Qd2 Kh7 11. Rac1 e5 12. Bc5 Re8 13. Rfd1 Be6 14. h3 Qd7
15. Kh2 Nd4 16. Ng1 c6 17. e3 Nf5 18. Nf3 Rad8 19. b3 Nc8 20. Qc2 b6 21. Ba3 c5
22. Bb2 Nfe7 23. Rd2 Nc6 24. Rcd1 N8e7 25. Ne2 Qc8 26. Nc3 Kg8 27. Ne2 Nd5 28.
Qb1 Qa6 29. Qa1 Ndb4 30. Nxe5 Bxe5 31. Bxe5 Nxe5 32. Qxe5 Bxb3 33. Qc3 Bxd1 34.
Rxd1 Rxd3 35. Rxd3 Qxd3 36. Qb2 Qc2 37. Qxc2 Nxc2 38. Nf4 Rd8 39. Nd5 Nb4 40.
Nxb4 cxb4 0-1

[Event "IX Floripa Chess Open Fort Atacadista"]
[Site "Florianópolis - Santa Catari"]
[Date "2023.01.23"]
[Round "1.19"]
[White "Flores Quillas, Diego Saul Rodri"]
[Black "Monteiro, Daniel Zotelli"]
[Result "1-0"]
[WhiteElo "2321"]
[BlackElo "1642"]
[PlyCount "109"]
[EventDate "2023.01.23"]
[EventRounds "10"]
[EventCountry "BRA"]

1. e4 e5 2. Nf3 Nc6 3. Bb5 a6 4. Ba4 Nf6 5. O-O b5 6. Bb3 Be7 7. Re1 d6 8. c3
O-O 9. h3 h6 10. d4 Re8 11. Nbd2 Bf8 12. Nf1 Bb7 13. Ng3 g6 14. a4 exd4 15.
cxd4 Nb4 16. d5 Nd7 17. Qd2 c5 18. dxc6 Nxc6 19. Qf4 Qf6 20. Qxf6 Nxf6 21. Bd2
b4 22. a5 Nd7 23. Bd5 Rab8 24. Bf4 Nce5 25. Red1 Bxd5 26. Rxd5 Nxf3+ 27. gxf3
Nf6 28. Rd4 Re6 29. Rc1 Rb5 30. Rc8 Kg7 31. Bxh6+ Kxh6 32. Rxf8 Kg7 33. Rd8
Rxa5 34. Rxb4 d5 35. Kg2 dxe4 36. fxe4 Nh5 37. Nxh5+ Rxh5 38. f4 g5 39. Rd5 f6
40. Rd7+ Kf8 41. f5 Re7 42. Rb8+ Kf7 43. Rbb7 Rxd7 44. Rxd7+ Kg8 45. Rd6 Rh4
46. Rxf6 Rxe4 47. Rxa6 Kf7 48. Rb6 Re3 49. Rg6 Re2+ 50. Kg3 Rxb2 51. Rxg5 Kf6
52. Kh4 Rb5 53. Kg4 Rb4+ 54. Kh5 Rb8 55. h4 1-0

[Event "IX Floripa Chess Open Fort Atacadista"]
[Site "Florianópolis - Santa Catari"]
[Date "2023.01.23"]
[Round "1.20"]
[White "Stival Da Silva, Javier Rodrigo"]
[Black "Labussiere, Victor"]
[Result "0-1"]
[WhiteElo "1640"]
[BlackElo "2315"]
[PlyCount "76"]
[EventDate "2023.01.23"]
[EventRounds "10"]
[EventCountry "BRA"]

1. e4 c5 2. Nf3 g6 3. c4 Bg7 4. d4 cxd4 5. Nxd4 Nc6 6. Be3 Nf6 7. Nc3 O-O 8.
Be2 d6 9. f3 Bd7 10. O-O Nxd4 11. Bxd4 a5 12. b3 Bc6 13. Nd5 Nd7 14. Bxg7 Kxg7
15. Rc1 Nc5 16. Qd2 e5 17. Rfd1 Ne6 18. a3 Nd4 19. Qb2 Bxd5 20. cxd5 Qb6 21.
Rxd4 exd4 22. a4 Rac8 23. Rd1 Rc3 24. Bb5 Rfc8 25. Kh1 Rc2 26. Qb1 Qc5 27. Bc4
Rc3 28. h3 b5 29. Bxb5 Rc1 30. Rxc1 Qxc1+ 31. Qxc1 Rxc1+ 32. Kh2 Kf6 33. f4 g5
34. g3 Rc2+ 35. Kg1 Rc3 36. Kf2 gxf4 37. gxf4 Rxh3 38. Bc4 Re3 0-1

[Event "IX Floripa Chess Open Fort Atacadista"]
[Site "Florianópolis - Santa Catari"]
[Date "2023.01.23"]
[Round "1.21"]
[White "Rodrigues, Edgar"]
[Black "Mariano, Kaiki Pereira"]
[Result "1-0"]
[WhiteElo "2299"]
[BlackElo "1639"]
[PlyCount "81"]
[EventDate "2023.01.23"]
[EventRounds "10"]
[EventCountry "BRA"]

1. e4 c5 2. Nf3 d6 3. d4 cxd4 4. Nxd4 Nf6 5. Nc3 Nc6 6. Bg5 e6 7. f3 Be7 8. Qd2
O-O 9. O-O-O Nxd4 10. Qxd4 a6 11. g4 b5 12. Be3 Qa5 13. Kb1 Bb7 14. h4 Rac8 15.
Rh2 d5 16. e5 Nd7 17. f4 b4 18. Ne2 Bc5 19. Qd2 Bxe3 20. Qxe3 Nc5 21. Nd4 Ne4
22. Nb3 Qc7 23. Bd3 a5 24. Nd4 a4 25. Bxe4 dxe4 26. Nb5 Qc5 27. Qxc5 Rxc5 28.
Nd6 Bd5 29. Re2 b3 30. axb3 axb3 31. Rd4 e3 32. c4 Bf3 33. Rxe3 Bxg4 34. Rxb3
f6 35. exf6 gxf6 36. Rg3 f5 37. b4 Rb8 38. b5 Kf8 39. Kb2 Ke7 40. Kb3 Rb6 41.
Kb4 1-0

[Event "IX Floripa Chess Open Fort Atacadista"]
[Site "Florianópolis - Santa Catari"]
[Date "2023.01.23"]
[Round "1.22"]
[White "Calcada, Lucas Galvan"]
[Black "Rodi, Luis Ernesto"]
[Result "0-1"]
[WhiteElo "1638"]
[BlackElo "2295"]
[PlyCount "66"]
[EventDate "2023.01.23"]
[EventRounds "10"]
[EventCountry "BRA"]

1. Nf3 d5 2. c4 d4 3. e3 Nc6 4. exd4 Nxd4 5. Nxd4 Qxd4 6. d3 Nh6 7. Be2 e5 8.
Nc3 c6 9. Be3 Qd6 10. d4 Nf5 11. d5 Nxe3 12. fxe3 Qh6 13. Qd3 Bc5 14. Bf3 O-O
15. e4 f5 16. exf5 Bxf5 17. Be4 Bg4 18. Nd1 Bd4 19. Qd2 Qf6 20. Qd3 Qh6 21. Qd2
Rf4 22. Bd3 e4 23. Be2 e3 24. Qc2 Bxe2 25. Qxe2 Re8 26. Rc1 Rf2 27. Qd3 e2 28.
Qxd4 exd1=Q+ 29. Kxd1 Ree2 30. Qc3 Rd2+ 31. Ke1 Rfe2+ 32. Kf1 Qf4+ 33. Qf3 Rf2+
0-1

[Event "IX Floripa Chess Open Fort Atacadista"]
[Site "Florianópolis - Santa Catari"]
[Date "2023.01.23"]
[Round "1.23"]
[White "Marra, Eduardo Da Costa"]
[Black "Jiang, Lucas Zirui"]
[Result "1-0"]
[WhiteElo "2275"]
[BlackElo "1637"]
[PlyCount "51"]
[EventDate "2023.01.23"]
[EventRounds "10"]
[EventCountry "BRA"]

1. e4 c6 2. d4 d5 3. e5 Bf5 4. Nf3 e6 5. Be2 Nd7 6. O-O h6 7. a4 a5 8. c3 Ne7
9. Na3 Bh7 10. Nc2 c5 11. c4 Bxc2 12. Qxc2 cxd4 13. Rd1 Nc6 14. cxd5 Nb4 15.
Qe4 Nxd5 16. Nxd4 Be7 17. Nxe6 fxe6 18. Bh5+ Kf8 19. Rxd5 exd5 20. Qf5+ Nf6 21.
exf6 Bxf6 22. b3 Kg8 23. Bg6 Qd6 24. Bf4 Qc6 25. Rc1 Re8 26. h3 1-0

[Event "IX Floripa Chess Open Fort Atacadista"]
[Site "Florianópolis - Santa Catari"]
[Date "2023.01.23"]
[Round "1.24"]
[White "Lopes, Leonardo Borges"]
[Black "Coro, Lucas"]
[Result "0-1"]
[WhiteElo "1635"]
[BlackElo "2272"]
[PlyCount "50"]
[EventDate "2023.01.23"]
[EventRounds "10"]
[EventCountry "BRA"]

1. Nf3 c5 2. e4 e6 3. d4 cxd4 4. Nxd4 Nc6 5. Nc3 a6 6. Be3 Nf6 7. a3 Qc7 8. Be2
Be7 9. O-O O-O 10. f4 d6 11. Kh1 Re8 12. Qe1 Bd7 13. Bf3 Na5 14. g4 e5 15. Nf5
Bxf5 16. exf5 e4 17. Bd1 d5 18. g5 Rad8 19. Bd4 Nc6 20. gxf6 Nxd4 21. fxe7 Qxe7
22. Bg4 Nxc2 23. Qd2 Nxa1 24. Rxa1 d4 25. Ne2 Qh4 0-1

[Event "IX Floripa Chess Open Fort Atacadista"]
[Site "Florianópolis - Santa Catari"]
[Date "2023.01.23"]
[Round "1.25"]
[White "Milat, Marcel"]
[Black "Goetten Wagner, Julia"]
[Result "1-0"]
[WhiteElo "2271"]
[BlackElo "1631"]
[PlyCount "51"]
[EventDate "2023.01.23"]
[EventRounds "10"]
[EventCountry "BRA"]

1. e4 c5 2. Nc3 e6 3. Nge2 d6 4. g3 Nc6 5. Bg2 Nf6 6. d4 cxd4 7. Nxd4 Bd7 8.
O-O Be7 9. Nb3 a6 10. a4 b6 11. f4 Qc7 12. g4 Bc8 13. Qf3 Bb7 14. g5 Nd7 15.
Qh3 Nb4 16. g6 Nf6 17. gxf7+ Kxf7 18. Nd4 Qc8 19. e5 Bxg2 20. Kxg2 Nfd5 21. f5
exf5 22. Nxf5 Kg8 23. Nh6+ gxh6 24. Qg3+ Bg5 25. Bxg5 Qe6 26. Bf6+ 1-0

[Event "IX Floripa Chess Open Fort Atacadista"]
[Site "Florianópolis - Santa Catari"]
[Date "2023.01.23"]
[Round "1.26"]
[White "Passos Coutinho, Eduardo"]
[Black "Villalba, Marcelo"]
[Result "0-1"]
[WhiteElo "1630"]
[BlackElo "2269"]
[PlyCount "60"]
[EventDate "2023.01.23"]
[EventRounds "10"]
[EventCountry "BRA"]

1. Nf3 Nf6 2. g3 g6 3. Bg2 Bg7 4. O-O O-O 5. c4 d6 6. d4 Nc6 7. Nc3 Bg4 8. h3
Bxf3 9. Bxf3 Nd7 10. e3 e5 11. d5 Ne7 12. e4 f5 13. Bg5 h6 14. Bxe7 Qxe7 15.
Rc1 a5 16. Na4 b6 17. Qd3 Nc5 18. Nxc5 bxc5 19. b3 f4 20. Bg4 Kh7 21. h4 h5 22.
Be6 Bh6 23. Rc3 Rf6 24. g4 f3 25. g5 Bxg5 26. hxg5 Rf5 27. Qe3 Rxg5+ 28. Kh1
Rf5 29. Qxf3 Rxf3 30. Rxf3 Rf8 0-1